Southville International School and Colleges
Your cart is empty.
  • Cart
  • Lists
    Public lists Eva Luna New books Lux_list list_1
    Your lists Log in to create your own lists
  • Log in to your account
  • Your cookies
  • Search history
Southville International School and Colleges
  • Advanced search
  • Recent comments
  • Most popular
  • Libraries

Log in to your account

Log in with GOOGLE


If you do not have an external account, but do have a local account, you can still log in:

  1. Home
  2. MARC view: The Three little pigs, level a /
Normal view MARC view ISBD view

The Three little pigs, level a / (Record no. 102736)

[ view plain ]
MARC details
000 -LEADER
fixed length control field 00572nam a2200181 a 4500
005 - DATE AND TIME OF LATEST TRANSACTION
control field 20140412111241.0
008 - FIXED-LENGTH DATA ELEMENTS--GENERAL INFORMATION
fixed length control field 000831s19uu xx 00 eng d
020 ## - INTERNATIONAL STANDARD BOOK NUMBER
International Standard Book Number 0-201-19322-1
050 ## - LIBRARY OF CONGRESS CALL NUMBER
Classification number BB
Item number Th413 1989
245 ## - TITLE STATEMENT
Title The Three little pigs, level a /
Statement of responsibility, etc Addison - Wesley ; illustrator by Diane Teske Harris.
260 ## - PUBLICATION, DISTRIBUTION, ETC. (IMPRINT)
Place of publication, distribution, etc Reading, Massachusetts :
Name of publisher, distributor, etc Addison-Wesley Publishing Company,
Date of publication, distribution, etc 1989.
300 ## - PHYSICAL DESCRIPTION
Extent 16 p.
440 ## - SERIES STATEMENT/ADDED ENTRY--TITLE
Title Addison-Wesley
500 ## - GENERAL NOTE
General note Illustrated big book
650 ## - SUBJECT ADDED ENTRY--TOPICAL TERM
Topical term or geographic name as entry element Pigs stories-Fiction
650 ## - SUBJECT ADDED ENTRY--TOPICAL TERM
Topical term or geographic name as entry element Children's stories
Holdings
Withdrawn status Lost status Damaged status Home library Current library Shelving location Date acquired Source of acquisition Total Checkouts Full call number Barcode Date last seen Price effective from Koha item type
      Elizalde Library Elizalde Library Big Books Section 08/31/2000     BB Th413 1989 E2612 04/12/2014 04/12/2014 Books

The Three little pigs, level a /

APA

(1989). The Three little pigs, level a. Reading, Massachusetts: Addison-Wesley Publishing Company.

Chicago

1989. The Three little pigs, level a. Reading, Massachusetts: Addison-Wesley Publishing Company.

Harvard

(1989). The Three little pigs, level a. Reading, Massachusetts: Addison-Wesley Publishing Company.

MLA

The Three little pigs, level a. Reading, Massachusetts: Addison-Wesley Publishing Company. 1989.

  • Place hold
  • Print
  • Cite
  • Add to your cart (remove)
  • Save record
    BIBTEX Dublin Core MARCXML MARC (non-Unicode/MARC-8) MARC (Unicode/UTF-8) MARC (Unicode/UTF-8, Standard) MODS (XML) RIS
  • More searches
    Search for this title in:
    Other Libraries (WorldCat) Other Databases (Google Scholar) Online Stores (Bookfinder.com) Open Library (openlibrary.org)

Exporting to Dublin Core...

SOUTHVILLE LIBRARY

Southville International School and Colleges Library

1281 Tropical Ave. Cor. Luxembourg St., BF Homes International, Las Pinas City

Tel. No. 8256374 / 252358 Loc. 117/146

Powered by Koha